<?xml version="1.0" encoding="UTF-8"?>
<record
    xmlns:xsi="http://www.w3.org/2001/XMLSchema-instance"
    xsi:schemaLocation="http://www.loc.gov/MARC21/slim http://www.loc.gov/standards/marcxml/schema/MARC21slim.xsd"
    xmlns="http://www.loc.gov/MARC21/slim">

  <leader>02807cam a2200301 i 4500</leader>
  <datafield tag="999" ind1=" " ind2=" ">
    <subfield code="c">358131</subfield>
    <subfield code="d">358131</subfield>
  </datafield>
  <controlfield tag="001">967849174</controlfield>
  <controlfield tag="003">IT-MiSPE</controlfield>
  <controlfield tag="005">20200317145454.0</controlfield>
  <controlfield tag="008">170818s2016    be       b    000 0 fre d</controlfield>
  <datafield tag="020" ind1=" " ind2=" ">
    <subfield code="a">9789042934856 (pbk.) :</subfield>
    <subfield code="c">97,00 EUR</subfield>
  </datafield>
  <datafield tag="035" ind1=" " ind2=" ">
    <subfield code="a">(OCoLC)967849174</subfield>
  </datafield>
  <datafield tag="040" ind1=" " ind2=" ">
    <subfield code="a">IT-MiSPE</subfield>
    <subfield code="b">ita</subfield>
    <subfield code="e">rda</subfield>
    <subfield code="c">IT-MiSPE</subfield>
  </datafield>
  <datafield tag="082" ind1=" " ind2=" ">
    <subfield code="a">227.6-FIL VEN ol (axa 23218)</subfield>
  </datafield>
  <datafield tag="245" ind1="0" ind2="0">
    <subfield code="a">Saint-Paul, &#xC9;p&#xEE;tre aux Philippiens /</subfield>
    <subfield code="c">Jean-Baptiste &#xC9;dart [and fifteen others] ; sous la direction de Olivier-Thomas Venard o.p.</subfield>
  </datafield>
  <datafield tag="264" ind1=" " ind2="1">
    <subfield code="a">Leuven :</subfield>
    <subfield code="b">Peeters,</subfield>
    <subfield code="c">2016.</subfield>
  </datafield>
  <datafield tag="264" ind1=" " ind2="4">
    <subfield code="c">copyright 2016.</subfield>
  </datafield>
  <datafield tag="300" ind1=" " ind2=" ">
    <subfield code="a">174 p. ;</subfield>
    <subfield code="c">31 cm.</subfield>
  </datafield>
  <datafield tag="336" ind1=" " ind2=" ">
    <subfield code="a">text</subfield>
    <subfield code="b">txt</subfield>
    <subfield code="2">rdacontent.</subfield>
  </datafield>
  <datafield tag="337" ind1=" " ind2=" ">
    <subfield code="a">unmediated</subfield>
    <subfield code="b">n</subfield>
    <subfield code="2">rdamedia.</subfield>
  </datafield>
  <datafield tag="338" ind1=" " ind2=" ">
    <subfield code="a">volume</subfield>
    <subfield code="b">nc</subfield>
    <subfield code="2">rdacarrier.</subfield>
  </datafield>
  <datafield tag="490" ind1="0" ind2=" ">
    <subfield code="a">La Bible en ses traditions ;</subfield>
    <subfield code="v">2.</subfield>
  </datafield>
  <datafield tag="504" ind1=" " ind2=" ">
    <subfield code="a">Include riferimenti bibliografici.</subfield>
  </datafield>
  <datafield tag="505" ind1="0" ind2="0">
    <subfield code="t">&#xC9;&#x9C;p&#xEE;tre aux Philippiens --</subfield>
    <subfield code="t">Philippiens 1-2 --</subfield>
    <subfield code="t">Philippiens 1,3-8 --</subfield>
    <subfield code="t">Philippiens 1,9-11 --</subfield>
    <subfield code="t">Philippiens 1,12-26 --</subfield>
    <subfield code="t">Philippiens 1,27-30 --</subfield>
    <subfield code="t">Philippiens 2,1-11 --</subfield>
    <subfield code="t">Philippiens 2,12-18 --</subfield>
    <subfield code="t">Philippiens 2,19-30 --</subfield>
    <subfield code="t">Philippiens 3,1 --</subfield>
    <subfield code="t">Philippiens 3,2-4a --</subfield>
    <subfield code="t">Philippiens 3,4b-6 --</subfield>
    <subfield code="t">Philippiens 3,7-14 --</subfield>
    <subfield code="t">Philippiens 3,15-16 --</subfield>
    <subfield code="t">Philippiens 3,17-21 --</subfield>
    <subfield code="t">Philippiens 4,1 --</subfield>
    <subfield code="t">Philippiens 4,2-3 --</subfield>
    <subfield code="t">Philippiens 4,4-7 --</subfield>
    <subfield code="t">Philippiens 4,8-9 --</subfield>
    <subfield code="t">Philippiens 4,10-13 --</subfield>
    <subfield code="t">Philippiens 4,14-17 --</subfield>
    <subfield code="t">Philippiens 4,18-20 --</subfield>
    <subfield code="t">Philippiens 4,21-23 --</subfield>
    <subfield code="t">Notes de synth&#xA9;&#xB7;se --</subfield>
    <subfield code="t">Attitudes corporelles d'adoration --</subfield>
    <subfield code="t">L'Avent --</subfield>
    <subfield code="t">Circoncision --</subfield>
    <subfield code="t">Communion, koin&#xF4;nia --</subfield>
    <subfield code="t">La croix de J&#xE9;sus dans la litt&#xE9;rature --</subfield>
    <subfield code="t">La crucifixion et les Juifs au 1er s. --</subfield>
    <subfield code="t">Dieu et le temps dans les &#xC9;&#x9C;critures --</subfield>
    <subfield code="t">Doxologie chez les P&#xE8;res --</subfield>
    <subfield code="t">Doxologie en liturgie --</subfield>
    <subfield code="t">&#xC9;&#x9C;ons dans l'eschatologie juive --</subfield>
    <subfield code="t">Joie, chara --</subfield>
    <subfield code="t">Pharisiens --</subfield>
    <subfield code="t">Serviteurs et esclaves chez Paul --</subfield>
    <subfield code="t">Vocabulaire de la gr&#xE2;ce et du bienfait dans la Bible --</subfield>
    <subfield code="t">Vocabulaire des minist&#xE8;res des premi&#xE8;res communaut&#xE9;s chr&#xE9;tiennes : episkopoi, presbuteroi et diakonoi --</subfield>
    <subfield code="t">Vocabulaire financier chez Paul, en particulier en Philippiens --</subfield>
    <subfield code="t">Bibliographie des ouvrages consult&#xE9;s --</subfield>
    <subfield code="t">Commentaires et introductions --</subfield>
    <subfield code="t">&#xC9;&#x9C;tudes ex&#xE9;g&#xE9;tiques partielles --</subfield>
    <subfield code="t">&#xC9;&#x9C;tudes sur Ph 2,6-11 --</subfield>
    <subfield code="t">Propositions de lecture --</subfield>
    <subfield code="t">Vocabulaire --</subfield>
    <subfield code="t">Proc&#xE9;d&#xE9;s litt&#xE9;raires - Genres litt&#xE9;raires --</subfield>
    <subfield code="t">Rep&#xE8;res historiques et g&#xE9;ographiques - Milieux de vie --</subfield>
    <subfield code="t">Textes anciens --</subfield>
    <subfield code="t">Intertextualit&#xE9; biblique --</subfield>
    <subfield code="t">Tradition juive --</subfield>
    <subfield code="t">Tradition chr&#xE9;tienne --</subfield>
    <subfield code="t">Liturgie --</subfield>
    <subfield code="t">Th&#xE9;ologie --</subfield>
    <subfield code="t">Litt&#xE9;rature --</subfield>
    <subfield code="t">Musiquels --</subfield>
    <subfield code="t">Mystique --</subfield>
    <subfield code="t">Abr&#xE9;viations courantes --</subfield>
    <subfield code="t">Abr&#xE9;viations des rubriques.</subfield>
  </datafield>
  <datafield tag="630" ind1="0" ind2="0">
    <subfield code="a">Sacra Scrittura. Studi sul Nuovo Testamento</subfield>
    <subfield code="p">Filippesi</subfield>
    <subfield code="x">Paolo. Studi critici e teologia biblica.</subfield>
    <subfield code="9">57595</subfield>
  </datafield>
  <datafield tag="700" ind1="1" ind2=" ">
    <subfield code="a">&#xC9;dart, Jean-Baptiste,</subfield>
    <subfield code="e">collaboratore.</subfield>
    <subfield code="9">57596</subfield>
  </datafield>
  <datafield tag="700" ind1="1" ind2=" ">
    <subfield code="a">Venard, Olivier-Thomas,</subfield>
    <subfield code="e">editore.</subfield>
    <subfield code="9">57597</subfield>
  </datafield>
  <datafield tag="942" ind1=" " ind2=" ">
    <subfield code="2">ddc</subfield>
    <subfield code="c">BK</subfield>
  </datafield>
  <datafield tag="952" ind1=" " ind2=" ">
    <subfield code="0">0</subfield>
    <subfield code="1">0</subfield>
    <subfield code="2">ddc</subfield>
    <subfield code="4">0</subfield>
    <subfield code="6">227_000000000000000_6FIL_VEN_OL_AXA_23218</subfield>
    <subfield code="7">1</subfield>
    <subfield code="a">CINISELLO</subfield>
    <subfield code="b">CINISELLO</subfield>
    <subfield code="d">2019-01-21</subfield>
    <subfield code="l">0</subfield>
    <subfield code="o">227.6-FIL VEN ol (axa 23218)</subfield>
    <subfield code="p">9789042934856</subfield>
    <subfield code="r">2019-01-21 00:00:00</subfield>
    <subfield code="w">2019-01-21</subfield>
    <subfield code="y">BK</subfield>
  </datafield>
</record>
